Islands of Indonesia Quiz Stats

Quiz Updated Apr 3, 2013

Also try: Hawaiian Islands
Challenge
Share
Tweet
Score 0/20 Timer 08:00
18 Plays Today
Island % Correct
5. Java
87.6%
1. Kalimantan
82.7%
2. Sumatra
80.8%
3. Western New Guinea
77.9%
15. Bali
67.7%
8. West Timor
65.7%
4. Sulawesi
58.1%
10. Flores
31.2%
16. Lombok
30.7%
13. Sumba
24.8%
Island % Correct
9. Sumbawa
21.7%
20. Nias
20.1%
12. Bangka
18.8%
6. Halmahera
18.6%
18. Madura
18.5%
7. Seram
17.1%
17. Belitung
16.5%
14. Buru
16.4%
19. Buton
14.4%
11. Yos Sudarso
12.7%

You're not logged in!

Compare scores with friends on all Sporcle quizzes.
Join for Free
OR
Log In

You Might Also Like...

Show Comments

Extras

Top Quizzes Today


Score Distribution

Your Account Isn't Verified!

In order to create a playlist on Sporcle, you need to verify the email address you used during registration. Go to your Sporcle Settings to finish the process.

Report this User

Report this user for behavior that violates our Community Guidelines.

Details: